000 01111aam a2200433 4500
005 20251127135831.0
008 150525b2012 xxu||||| |||| 00| 0 spa d
020 _a9786074382655
041 _aESP
082 _a519.5 S161p
100 _aSalazar Guerrero, Ludwing J.
100 _aBahena Román, Hugo
_93352
100 _aMartinez Sánchez, Rafael
_93353
245 _aProbabilidad y estadística
260 _aMéxico
260 _bGrupo Editorial Patria
260 _c2012
300 _a 328 páginas
490 _aGestión de Calidad
490 _aDirección y Administración de Empresas
650 _aESTADÍSTICA
650 _aPROBABILIDAD
650 _aCONJUNTOS
650 _aESTADÍSTICA DESCRIPTIVA
650 _aHISTORIA
650 _aTEOREMAS DE LA PROBABILIDAD
650 _aPOBLACIÓN
650 _aMUESTRA
650 _aFRECUENCIA
650 _aMEDIANA
650 _aMEDIA
650 _aMODA
650 _aMEDIDAS DE DISPERSIÓN
650 _aVARIABLES ALEATORIAS
650 _aREGRESION LINEAL
942 _cBK
_2ddc
999 _c7630
_d7630